[Event "Dortmund SuperGM 41st"]
[Site "Dortmund"]
[Date "2013.08.01"]
[Round "6"]
[White "Leko, Peter"]
[Black "Wang, Hao"]
[Result "1/2-1/2"]
[WhiteElo "2737"]
[BlackElo "2752"]
[Annotator "Szabo,Kr"]
[PlyCount "103"]
[EventDate "2013.07.26"]
[EventType "tourn"]
[EventRounds "9"]
[EventCountry "GER"]
[EventCategory "19"]
[SourceTitle "CBM 156"]
[Source "ChessBase"]
[SourceDate "2013.09.17"]
[SourceVersion "1"]
[SourceVersionDate "2013.09.17"]
[SourceQuality "1"]

1. e4 e6 2. d4 d5 3. Nc3 Nf6 4. e5 Nfd7 5. f4 c5 6. Nf3 Nc6 7. Be3 Be7 8. Qd2
O-O 9. dxc5 (9. Be2 {is the old main line.}) 9... Bxc5 10. O-O-O Qa5 11. a3 {
White avoids the unpleasant pin by Bb4. On the other hand this move slightly
weakens the king's position.} (11. Bxc5 {is more popular, with a lot of games.}
) 11... a6 $6 (11... Be7 {is more promising to keep the dark squared of B.})
12. Bxc5 Nxc5 13. Qe3 $1 {A very logical move. White avoids Black's dangerous
attack by b5.} Bd7 $146 {Novelty by Wang Hao.} ({Before only} 13... Rd8 {
was played} 14. Kb1 Bd7 15. f5 (15. h4 Rac8 16. h5 Ne7 17. Nd4 Ne4 {(S.
Zhigalko-Swiercz, Bad Wiessee 2011)} 18. Nxe4 dxe4 19. Qxe4 Bc6 20. Qe2 $14 {
and White is slightly better.}) 15... Ne4 $140 16. Nxe4 dxe4 17. f6 $1 Be8 (
17... exf3 $2 {doesn't work, because of} 18. Qg5 g6 19. Qh6 $18 {and mate.})
18. Be2 $16 {and White has a very promising attack.}) 14. f5 $1 {Leko
immediately attacks Black's position. Now thanks to the d5-P White can play f5
quickly without any prepariation.} Qb6 {Threatens Nb3.} 15. Qf4 d4 $5 {
Probably objectively not the best move, but Black tries to find some practical
chances. Otherwise 16.f6 is very dangerous for Black!} ({In the event of} 15...
Ne7 16. f6 Ng6 17. Qd4 $36 {and White has some initiative.}) 16. Nxd4 Nxd4 17.
Rxd4 exf5 18. Rd6 (18. Nd5 $5 {was also strong} Qa5 19. Qg3 $1 f4 {Only move.}
20. Nxf4 Bf5 21. Nd5 Kh8 22. Ne7 $1 Be6 23. Rh4 $1 {but these are very
difficult computer moves.}) 18... Qa7 19. Nd5 {White has gained a huge space
advantage, his pieces are very active.} Kh8 20. Nb6 Rad8 21. Nxd7 ({The engine
finds quickly the difficult manoeuvre by} 21. Qh4 $1 Qb8 22. Qc4 $1 $18 {
and White wins. But of course, in a practical game it is hard to find even for
a top grandmaster.}) 21... Nxd7 22. Qd2 {Now White looks to be simply winning
because of the dangerous pin on the d-file, but...} b5 23. Be2 Qc7 24. Rd1 Nc5
{and Black was able to avoid immediate defeat with this move.} 25. Qc3 (25.
Rxd8 $4 {doesn't work, as} Nb3+ $19) ({Probably} 25. Qg5 $1 {was more precise}
Rc8 (25... Rxd6 26. exd6 Qd7 27. Bf3 $16) 26. Qxf5 g6 27. Qf3 Nb7 28. R6d2 $16
{and the e5-P is not hanging, White is a healthy P up.}) 25... Rc8 26. b4 Ne4
27. Qxc7 Rxc7 28. Rxa6 Rfc8 29. Bd3 g6 30. Kb2 ({The computer suggests} 30.
Bxe4 $1 fxe4 31. Rd2 Re7 32. e6 $1 Kg7 $1 33. Rd7 $1 Rxd7 34. exd7 Rd8 35. Rd6
f5 36. c4 $1 bxc4 37. a4 Kf7 38. a5 Ke7 39. Rd1 Rxd7 40. a6 Ra7 41. b5 $18 {
and White wins.}) 30... Kg7 31. e6 Nf2 $1 32. Rd2 Nxd3+ 33. cxd3 Rd8 34. exf7
Kxf7 {White is a P up, but the R endgames always give some drawish chances.}
35. Ra5 Rb7 36. a4 ({In the event of} 36. d4 Ke6 37. Ra6+ Kd5 {comes and the
black K is very active.}) 36... bxa4 37. Rxa4 Ke6 38. g3 Ke5 $11 {Black has
enough compensation for the P; his K is very powerful.} 39. Kc3 Rc8+ 40. Kb3
Kd4 41. Rb2 Rc3+ 42. Ka2 Rxd3 43. Ra8 g5 44. b5 f4 45. gxf4 gxf4 46. b6 Ke3 47.
Ra7 Rdd7 48. Ra3+ Ke4 49. Re2+ Kf5 50. Rb2 Ke4 51. Re2+ Kf5 52. Rb2 1/2-1/2

[Event "Aars"]
[Site "Aars"]
[Date "1995.??.??"]
[Round "5"]
[White "Larsen, Bent"]
[Black "Gausel, Einar"]
[Result "0-1"]
[WhiteElo "2515"]
[BlackElo "2495"]
[Annotator "Tisdall,J"]
[PlyCount "84"]
[EventDate "1995.10.??"]
[EventType "tourn"]
[EventRounds "9"]
[EventCountry "DEN"]
[EventCategory "9"]
[SourceTitle "CBM 050"]
[Source "ChessBase"]
[SourceDate "1996.02.01"]
[SourceVersion "1"]
[SourceVersionDate "1996.02.01"]
[SourceQuality "1"]

{Although it was too early to be sure, this clash was to determine first place.
After four rounds Gausel had charged into the lead with 3,5, but Larsen
followed closely with 3, and had met stronger opposition.} 1. e4 e6 {Since
Gausel had recently become overworked, having both a weekly and daily chess
column in the Norwegian media, his results have suffered a bit due to the
strain. Here he falls back on one of his older defences, since theoretical
preparation has not fit into his schedule lately.} 2. d4 d5 3. Nc3 Nf6 4. e5
Nfd7 5. f4 c5 6. Nf3 Nc6 7. Be3 cxd4 {I've always felt that} (7... a6 {was the
most interesting way to play this position, but I confess to very limited
experience with it.}) 8. Nxd4 Bc5 9. Qd2 O-O 10. O-O-O a6 11. h4 Bxd4 {The d4
knight must be eliminated in order to set the queenside in motion.} 12. Bxd4 b5
13. h5 b4 14. Na4 Qc7 $6 {Apparently theory, but as Gausel remarked after
finding this out that doesn't mean it's good. Here he felt it meant he had
rediscovered someone else's error. With hindsight, Gausel prefers} (14... Nxd4
15. Qxd4 {when the absence of white's dark-squared bishop will make it easier
for black to create counterplay with an eventual ...f6. But...} (15. Qxd4 f6
16. exf6 Qxf6 17. g3 Qxd4 18. Rxd4 a5 19. Bh3 Ra6 20. Re1 Kf7 21. Rd2 Rc6 22.
f5 Nf6 23. fxe6+ Bxe6 24. Bxe6+ Rxe6 25. Rxe6 Kxe6 26. Nc5+ Kf5 27. Rf2+ Kg4
28. Ne6 Kxg3 29. Rf1 Kg2 30. Rf5 Rf7 31. Nf4+ Kg3 32. Nxd5 Kg4 33. Ne3+ Kh4 34.
h6 g5 35. Nd5 g4 36. Nxf6 Kg3 37. Ne4+ {1-0 Riemersma,L-Dobosz,H/Esbjerg-B (11)
;EXT 88 1988})) (14... Qa5 15. b3 Nxd4 16. Qxd4 Bb7 17. Rh3 (17. f5 Qc7 18. Re1
Bc6 19. Nb2 Rfc8 20. Qxb4 Bb5 21. Qd2 Nc5 22. f6 Ne4 23. Rxe4 dxe4 24. Nc4 gxf6
25. Qh6 Bxc4 26. exf6 Qg3 27. Rh3 Qg4 28. Rh4 Qg3 29. Rh3 Qg4 {1/2-1/2
Slobodjan,R-Bricard,E/Montpellier ;EXT 93 1993}) 17... Bc6 18. Nb2 Qxa2 {
Nikac,P-Marinkovic,S/JUG-ch (11) ;TD 91\07 1991/1/2-1/2 (66)}) 15. Kb1 a5 16.
Bf2 $1 {Now white should enjoy a slight advantage as his attack, though slow,
is still a bit quicker than black's.} Ba6 17. Bxa6 $6 {Larsen was not happy
with this afterwards. If black captures on f1 white will gain a tempo over the
game continuation, so white can try} (17. Nc5 $5 {at once.}) 17... Rxa6 18. Nc5
{According to Gausel, Larsen was later critical of this move, deeming it
unnecessary. On the other hand, Gausel felt it was strong, and the ensuing
pawn sacrifice gives white lasting pressure.} Nxc5 19. Bxc5 Rc8 20. Bd6 Qd7 21.
g4 (21. f5 $5 {is an interesting alternative, as it is not clear that the
presence of the g-pawn really assists in white's attack. If} exf5 (21... Na7
22. f6 {is much too dangerous for black.}) (21... f6 22. fxe6 Qxe6 23. Rhe1
Nxe5 24. Bxe5 fxe5 25. Qxd5 {is also unpleasant.}) 22. Qxd5 {and white's
central control and activity must give him a simple and lasting advantage.})
21... Na7 {Now the Bd6 is doomed. White will get good compensation for the
pawn, but the material should help hold the balance.} 22. h6 g6 23. f5 Nb5 24.
Rhf1 (24. Qg5 {was the enthusiastic suggestion of live commentator IM Kai
Bjerring.} Nxd6 25. exd6 Qxd6 (25... Qd8 26. d7 Rb8 {or} (26... Rca8 27. Qf4
Qxd7 28. Qd4) 27. Qf4 {is dangerous for black, but}) 26. Qf6 Qf8 27. Rxd5 Rac6
{and black should be fine.} 28. Rd7 exf5 29. Qg5 {and black should solve his
problems by neutralizing the d-file, e.g.} (29. Qd4 Rc4) 29... Rd6 30. Rd1
Rxd1+ 31. Rxd1 fxg4) 24... Nxd6 25. exd6 Qxd6 26. fxg6 fxg6 27. Qd4 {White's
grip on the f-file and g7 square give him annoying positional compensation,
and black must take good care to guard f8 as well, to avoid falling into the
good old Qh8+, Rf8 mate routine.} Rc7 28. Rf6 Ra8 29. Qe3 {This move is a
little hard to understand since the queen was a tower of strength on its
former central post. Immediate doubling on the f-file looks more logical. Also
worth considering was} (29. g5 $5 {planning a line like} a4 30. Re1 Re7 31. Qd3
{, threatening to sarifice on g6, check on f6 and play g5-g6, with a decisive
attack.}) 29... Re8 30. Rdf1 a4 (30... Qc5 $2 31. Qxc5 Rxc5 32. Rf7 {and white
doubles on the seventh rank with a winning attack.}) 31. Qf2 {With both
players now very short of time, play becomes a bit random. White finds it very
hard to break through and so invites complications.} b3 {It would be hard to
resist this, even without the adrenaline surge of time trouble. The pawn
sacrifice gives white worries about his king safety.} 32. cxb3 axb3 33. axb3 (
33. a3 Qc5 34. Qxc5 Rxc5 35. Rf7 Rec8 {and white's weak first rank prevents
him from successful invasion.}) 33... Qb4 {Threatens to check on e4 and so
forces a minor retreat. Slightly better was} (33... Ra8 34. Qd4 (34. Rf7 e5)
34... Rca7 {which gains a useful tempo over the game. Here} (34... Qa6 $4 35.
Rf8+ $1 Rxf8 36. Qh8+ Kxh8 37. Rxf8#) 35. b4 {would be refuted by} Ra1+ 36. Kc2
Rc8+ 37. Kb3 Rxf1 38. Rxf1 Rc4) 34. Rf4 Qe7 35. Qd4 Ra8 36. b4 $1 {An
amazingly cold-blooded continuation - with flags hanging, Larsen refuses to be
impressed by the a-file and so puts the pressure firmly back on black.} Rca7
37. b5 Ra1+ 38. Kc2 Rc8+ (38... R1a5 39. Rf7 $1) 39. Kb3 Rxf1 40. Rxf1 Qd7 $6 {
Black falters on the last move of the control. Better was} (40... Rb8 $5 {when}
41. b6 (41. Qb4 Qe8 42. b6 Qd8) 41... Qb7 42. Kc2 {is not so clear, but
black's bad king is still cause for real concern.}) (40... Rc5 $6 41. Qb4 $1 {
leaves black fairly paralyzed.} (41. b6 Rc4 42. Qg7+ Qxg7 43. hxg7 Rc6)) 41.
Qb4 $4 {A very strange thing happened here. Although Larsen had managed to
keep score during the time scramble, for some reason he decided to blitz out
his 41st move, as Gausel had lost track of how many moves had been played. In
so doing, he overlooked that after} (41. Qg7+ $1 {black is left with a
hopeless rook ending as the b-pawn will swiftly net a rook:} Qxg7 42. hxg7 Rc4
43. Ra1 Kxg7 44. b6 Rc8 (44... Rc6 45. Ra6) 45. Kb4) 41... d4 $1 {Suddenly,
instead of triumphantly escorting the b-pawn, white's king meets a gruesome
fate. Now there was plenty of time for both to think, but white cannot escape
disaster on the a-file.} 42. Ka2 Qd5+ (42... Qd5+ 43. Kb1 Qe4+ 44. Ka2 Ra8+ 45.
Kb3 Qd3+) 0-1

[Event "EU-chT (Men) 20th"]
[Site "Reykjavik"]
[Date "2015.11.20"]
[Round "7.4"]
[White "Jones, Gawain C B"]
[Black "Tiviakov, Sergei"]
[Result "0-1"]
[WhiteElo "2615"]
[BlackElo "2608"]
[Annotator "Tiviakov,S"]
[PlyCount "102"]
[EventDate "2015.11.13"]
[EventType "team-swiss"]
[EventRounds "9"]
[EventCountry "ISL"]
[SourceTitle "CBM 170"]
[Source "ChessBase"]
[SourceDate "2016.01.15"]
[SourceVersion "1"]
[SourceVersionDate "2016.01.15"]
[SourceQuality "1"]
[WhiteTeam "England"]
[BlackTeam "Netherlands"]
[WhiteTeamCountry "ENG"]
[BlackTeamCountry "NED"]

{This game from the 7th round of the European Team championship in Reykjavik
was very important. In order to continue the fight for the medals our Dutch
team had to win all the remaining matches. The author of these lines had to
play with Black against Gawain Jones, a strong and aggressive player from
England.} 1. e4 e6 {Slowly but surely the French Defence is becoming my main
weapon against 1.e4 especially against strong opponents.} 2. d4 d5 3. Nc3 Nf6
4. e5 Nfd7 5. f4 c5 6. Nf3 Nc6 7. Be3 cxd4 8. Nxd4 Bc5 9. Qd2 O-O 10. O-O-O a6
{I had started playing this system with Black in July 2015. My game against
Giri had also been annotated for ChessBase Magazine.} 11. Qf2 {This time my
opponent chooses another line with White - 11.Qf2. Clearly, this choice was
the result of home preparation.} (11. Kb1 Nxd4 12. Bxd4 b5 13. g3 b4 14. Ne2 a5
15. Bh3 Qc7 16. Rhe1 Re8 17. f5 Nxe5 18. Bxe5 Qxe5 19. Nf4 Qd6 20. Nxd5 e5 21.
Qe2 Bb7 22. Bg2 e4 23. Nc3 Qf6 24. Nxe4 Bxe4 25. Bxe4 Rac8 26. Qb5 Bd4 27. Bb7
Rxe1 28. Rxe1 Rf8 29. Re8 Qb6 30. Qd7 Bf6 31. Bf3 h6 32. Rxf8+ Kxf8 33. Qc8+
Ke7 34. Qb7+ {1/2-1/2 Giri,A-Tiviakov,S/Amsterdam 2015/(34)}) 11... Bxd4 {
Already in July I had to be ready for the game continuation as well. And then
I noticed a very interesting plan, exchanging the Bc5. The point is that by
exchanging it Black can save an important tempo, not having to defend Bc5,
quickly developing the pieces of the queenside preparing counterplay there.} ({
The main line is} 11... Nxd4 12. Bxd4 {when Black has a choice between 3 moves,
defending Bc5.} Qe7 (12... Qc7) (12... b6)) 12. Bxd4 b5 13. Be3 {Now White has
the pair of bishops and the black Bc8 is a bad one, but, nevertheless, Black
is able to develop sufficient counterplay on the queenside.} Bb7 14. Bd3 Rc8 (
14... Nb4 {The most famous game played in this varation is the one, played by
Shirov against Kramnik -} 15. Bd4 Rc8 16. Kb1 Qa5 $13 {Kramnik,V-Shirov,A/
Monaco (blindfold) 89/(259) 2003. But I believe, the move chosen by Black is
more flexible, since sometimes Black can play b5-b4 as well.}) 15. Rhf1 $146 {
The text move is new.} (15. Kb1 {is the main answer in the position. It looks
like by playing 15.Rhf1 White is losing a tempo, but it is not entirely clear,
whether 15.Kb1 is a useful move at all. There are plenty of lines when the
white king is safer on c1 than on b1.}) 15... Nb4 {I try to follow the plan
prepared at home for the move 15.Kb1.} ({But it is also possible to play} 15...
Qa5 16. Kb1 Nb4 17. a3 (17. Bd4 Nxd3 18. Rxd3 (18. cxd3 b4 19. Ne2 b3 20. axb3
Qb4 $11) 18... b4 19. Ne2 $11) 17... Nxd3 18. Rxd3 b4 $11 {with an equal
position.}) (15... Qe7 $5 {deserves serious attention as well.}) 16. a3 {
White prefers not to allow me to play b5-b4 after exchanging the Bd3, then my
Bb7 comes into play.} ({For example,} 16. Kb1 Nxd3 17. cxd3 (17. Rxd3 Bc6 $15 {
/\b4, Bb5}) 17... b4 $11 {with counterplay.}) 16... Nxd3+ 17. Rxd3 Qe7 (17...
Qa5 18. Bd4 b4 19. axb4 Qxb4 20. f5 $14) ({Here I spent some time calculating
a very interesting pawn sacrifice. During the game I was not completely sure
about the consequences, but the analysis engine likes this move and gives
Black full compensation after} 17... a5 $5 18. Nxb5 Ba6 19. a4 ({or} 19. Rb3 a4
20. Rb4 Rb8 21. c4 Qa5 $13 {with an unclear position.}) 19... f6 20. exf6 Nxf6
$44 {Of course, playing for the team I preferred to play as safe as possible.})
18. Rfd1 ({After} 18. Bd4 {again} a5 {is possible. E.g.} (18... Nc5 19. Bxc5 (
19. Rh3 Ne4 20. Nxe4 dxe4 $11) 19... Rxc5 $11) 19. Nxb5 Ba6 20. a4 Qb4 $13 {
with a good position for Black.}) 18... b4 (18... Rc4 19. Bd4 Rfc8 $11 {
was an alternative to the text. Also with equal chances.}) 19. axb4 Qxb4 20.
Bd4 (20. Rd4 Qe7 21. Ra4 $11 {is a more safe approach than the text. But when
looking at the game you have to remember that Gawain Jones is an aggressive
attacking player, always looking for possibilities to attack the opponent.})
20... Nc5 {Overestimating my own chances of attack on the white king. It was
better to keep the knight on d7, keeping an eye on the e5-pawn and the square
f6, bringing Rc8 on to a more active square.} ({After} 20... Rc4 $142 21. f5
Nc5 22. Bxc5 (22. Rg3 exf5 $11) 22... Qxc5 23. Qxc5 Rxc5 $11 {the ending would
be equal.}) 21. Rh3 ({White has nothing after} 21. Bxc5 Rxc5 22. Na2 (22. Rd4
Qa5 23. Ra4 Qc7 $15) 22... Qb5 23. Rc3 Rfc8 24. Rxc5 Rxc5 25. Nc3 Qa5 $11 {
with an equal position.}) 21... Ne4 (21... h6 22. g4 Ne4 23. Nxe4 dxe4 24. g5
$14 {would not prevent White's attack either.}) 22. Qh4 $6 ({At this moment
White missed the only chance in the game to take over initiative by} 22. Nxe4
$142 dxe4 23. f5 {when Black has to sacrifice the pawn by} e3 {when after} (
23... Rfd8 24. f6 $14) (23... exf5 24. Qxf5 g6 25. Qf6 Qc4 26. Bc3 Qe6 27. Qg5
$16) 24. Rxe3 Rfd8 25. fxe6 fxe6 26. Qd2 $14 {White is slightly better. This
plan with 22.f5 was missed by both me and my opponent.}) 22... h6 {Now Black's
position is again normal.} 23. g4 {White's attack on the kingside looks
dangerous, but Black is just in time to create his own attack on the opposite
side of the board.} (23. Qe1 $11 {and}) (23. Qg4 Kh8 $11 {both lead to equal
positions.}) 23... Rc4 ({It was tempting to make the following move, but I
could not make it work after} 23... Rxc3 $5 24. Rxc3 (24. Bxc3 Nxc3 25. Rxc3
Qxf4+ 26. Kb1 Qxe5 $13) 24... Nxc3 25. bxc3 Qa3+ 26. Kd2 $14 {when the white
king is extremely safe on d2, whereas the black king can come under direct
attack after g4-g5.}) 24. Nxe4 $8 {The only move.} dxe4 $5 ({At that moment I
saw that the game could immediately end in a draw by} 24... Rxd4 25. Nf6+ gxf6
(25... Kh8 26. Qg5 $18) 26. Qxh6 Rxd1+ 27. Kxd1 Qd4+ 28. Ke2 Qe4+ $11 {with
perpetual check, but I had a feeling that I should continue playing for a win.
And it turned out to be a completely correct decision.}) 25. Bc3 Qc5 26. g5 ({
It was still possible to go back with the queen to hold equality in the game
after} 26. Qg3 e3 27. Qxe3 Qxe3+ 28. Rxe3 Rxf4 $11) ({and} 26. Qe1 e3 $11)
26... e3 $1 {Obviously, this very strong move had been overlooked by my
opponent. The line of support of the bishop c3 is being cut off. And in order
to stay in the game White has to return with the queen to the square e1.} 27.
b4 $2 (27. Qe1 $8 {would be the only move for White. After} h5 28. Qxe3 Qxe3+
29. Rxe3 Rxf4 $11 {the ending is equal.}) ({Other white moves also lose:} 27.
gxh6 $4 Rxc3 $19) ({or} 27. Rd3 $2 e2 $17 {with advantage for Black.}) 27...
Qe7 $1 28. Rxe3 Rfc8 {Now we have a typical position with the opposite
coloured bishops and the presence of the major pieces. The material balance is
irrelevant, what matters are the attacking possibilities. Black's king is safe,
the white king cannot be saved. Black always has a direct attack.} 29. Qg3 ({Or
} 29. Kb2 Be4 $19 {winning.}) 29... hxg5 30. fxg5 Be4 $19 {Now all the black
pieces are aiming at the square c2.} 31. Rd6 Bf5 (31... Qc7 {was possible as
well.}) 32. h4 (32. h3 Qb7) 32... Qc7 {Besides the weak king, White has many
other weaknesses in the position.} 33. Kd2 (33. Rxa6 Rxc3 $19 (33... Rxb4 $19))
33... Rg4 34. Qf2 Qc4 {Black is trying to coordinate his pieces in order to
attack White from all sides.} 35. Rd7 Rf4 (35... Qc6 $142 36. Rd6 Qh1 $19 {
would be a quickier win. But before the time control on move 40, I wanted to
play as safe as possible not giving my opponent any chance to survive.}) 36.
Qg3 Qf1 ({There were other winning moves as well:} 36... Rxh4 $19) (36... Bxc2
37. Kxc2 Qa2+ 38. Kd1 Rf1+ 39. Re1 Rf2 $19) 37. Re1 Qc4 (37... Rf2+ 38. Kd1 Qc4
39. Qxf2 Qxc3 $19 {was also winning.}) 38. g6 (38. Re3 {could only repeat the
position for the 2nd time, but nothing more.}) 38... Bxg6 39. Re3 Rxh4 40. Qf2
Rf4 {All the white pawns on the kingside have been collected. Now Black has a
material advantage as well. And with plenty of time to finish, the rest is
very easy and doesn't require a lot of comments.} 41. Qg3 Qf1 42. Re1 Rf2+ 43.
Kd1 Bxc2+ 44. Kc1 Bd3 $1 {An elegant finish to the game.} 45. Rd8+ (45. Rxf1
Rxc3+ 46. Kd1 Bc2+ 47. Ke1 Rxf1+ 48. Kxf1 Rxg3 $19) 45... Rxd8 46. Rxf1 Rxf1+
47. Kb2 Bf5 48. Qg2 Rb1+ 49. Ka2 Rc1 50. Qc6 Rd2+ 51. Kb3 Rxc3+ {I like this
game very much. It was played on a rather high level in an opening which was
still new for me.} 0-1